• 首页
  • 本馆介绍
  • 公告通知
  • 最新文献
  • 馆藏检索
  • 电子资源
  • 读者导购
  • 参考咨询
  • 我的图书馆
  • 登录
  • 详细信息显示
  • 放入我的书架
  • 预约/预借图书
  • 作者相关作品
  • 分类相关作品
  • 丛书相关作品
  • 出版社相关作品

书目信息

  • 表格格式
  • 工作单格式
  • 卡片格式
题名:
心理辨析
    
 
作者: 毕希名 , 曹雪 著
分册:  
出版信息: 北京   民族出版社  2016
页数: 245页
开本: 24cm
丛书名: 中国咨询心理学与临床心理学文库
单 册:
中图分类: B849.1
科图分类:
主题词: 心理咨询--研究
电子资源:
ISBN: 978-7-105-14487-7
000 01360oam2 2200313 450
001 1378
005 20180522111728.47
010    @a978-7-105-14487-7@dCNY40.00
100    @a20161213d2016 em y0chiy50 ea
101 0  @achi
102    @aCN@b110000
105    @ay z 000yy
200 1  @a心理辨析@9xin li bian xi@e适合中国人的心理咨询@f毕希名,曹雪著
210    @a北京@c民族出版社@d2016
215    @a245页@d24cm
225 1  @a中国咨询心理学与临床心理学文库@f武国城主编
225 1  @a心理咨询师继续教育丛书
314    @a毕希名 (1939-),男,山东省青岛市人。先后就读于南京大学物理系、青岛医学院医疗系。现为国家心理咨询师职业培训专家组成员、国家心理咨询师培训教材编委等。出版有《大学生心理健康指南》《医学心理学》等。
314    @a曹雪,女,心理学学士,哲学硕士,心理咨询师职业资格培训教师,二级咨询师。
330    @a本书分为“心理问题的辨识”、“建立积极的咨询关系”、“搜集资料”等五章,主要包括:心理辨识工作对象、初步筛选与匹配、仅有关系良好是不够的、搜集资料的重要性等内容。
461  0 @12001 @a中国咨询心理学与临床心理学文库
461  0 @12001 @a心理咨询师继续教育丛书
517 1  @a适合中国人的心理咨询@9shi he zhong guo ren de xin li zi xun
606 0  @a心理咨询@x研究
690    @aB849.1@v5
701  0 @a毕希名@9bi xi ming@f(1939-)@4著
701  0 @a曹雪@9cao xue@4著
801  0 @aCN@b91MARC@c20161213
905    @aMuseLib@dB849.1@e2185
    
    心理辨析:适合中国人的心理咨询/毕希名,曹雪著.-北京:民族出版社,2016
    245页;24cm.-(中国咨询心理学与临床心理学文库/武国城主编).-(心理咨询师继续教育丛书)
    
    
    ISBN 978-7-105-14487-7:CNY40.00
    本书分为“心理问题的辨识”、“建立积极的咨询关系”、“搜集资料”等五章,主要包括:心理辨识工作对象、初步筛选与匹配、仅有关系良好是不够的、搜集资料的重要性等内容。
●
相关链接 在E读中查询图书 在五车中查询图书 在当当中查询图书 在豆瓣中查询图书


正题名:心理辨析     索取号:B849.1/2185         预约/预借

序号 登录号 条形码 馆藏地/架位号 状态 备注
1 1104168   211041683   第一样本阅览室/ [索取号:B849.1/2185] 在馆    
2 1104169   211041692   教育系资料室/ [索取号:B849.1/2185] 在馆    
3 1104170   211041709   教育系资料室/ [索取号:B849.1/2185] 在馆    
4 1104171   211041718   教育系资料室/ [索取号:B849.1/2185] 在馆    
5 1104172   211041727   第一借阅区/ [索取号:B849.1/2185] 在馆    
6 1104173   211041736   第一借阅区/ [索取号:B849.1/2185] 在馆    
唐山师范学院图书馆 欢迎您!
大连网信软件有限公司© 版权所有